<?xml version="1.0" encoding="UTF-8"?>
<record
    xmlns:xsi="http://www.w3.org/2001/XMLSchema-instance"
    xsi:schemaLocation="http://www.loc.gov/MARC21/slim http://www.loc.gov/standards/marcxml/schema/MARC21slim.xsd"
    xmlns="http://www.loc.gov/MARC21/slim">

  <leader>00986nam a2200229 i 4500</leader>
  <controlfield tag="001">92701</controlfield>
  <controlfield tag="003">ES-MaACL</controlfield>
  <controlfield tag="005">20230906181034.0</controlfield>
  <controlfield tag="007">t|</controlfield>
  <controlfield tag="008">050419s1994    sp           ||||1| spa d</controlfield>
  <datafield tag="020" ind1=" " ind2=" ">
    <subfield code="a">84-89285-01-2</subfield>
  </datafield>
  <datafield tag="080" ind1=" " ind2=" ">
    <subfield code="a">726.54(460.27 Alcal&#xE1;)</subfield>
  </datafield>
  <datafield tag="245" ind1="0" ind2="0">
    <subfield code="a">Libro-gu&#xED;a del visitante de la ermita de San Isidro Labrador </subfield>
    <subfield code="b">: Alcal&#xE1; de Henares : cr&#xF3;nica de su &#xFA;ltima restauraci&#xF3;n / </subfield>
    <subfield code="c">Mar&#xED;a Jos&#xE9; Arnaiz ... [et al.].</subfield>
  </datafield>
  <datafield tag="260" ind1=" " ind2=" ">
    <subfield code="a">Alcal&#xE1; de Henares : </subfield>
    <subfield code="b">Obispado de Alcal&#xE1; de Henares : </subfield>
    <subfield code="b">Ayuntamiento de Alcal&#xE1; de Henares, </subfield>
    <subfield code="c">[1994]</subfield>
  </datafield>
  <datafield tag="300" ind1=" " ind2=" ">
    <subfield code="a">158 p. : </subfield>
    <subfield code="b">il. ; </subfield>
    <subfield code="c">20 cm.</subfield>
  </datafield>
  <datafield tag="490" ind1="1" ind2=" ">
    <subfield code="a">Colecci&#xF3;n de gu&#xED;as art&#xED;sticas de la di&#xF3;cesis de Alcal&#xE1; de Henares ;</subfield>
    <subfield code="v">3</subfield>
  </datafield>
  <datafield tag="610" ind1="2" ind2="7">
    <subfield code="a">Ermita de San Isidro Labrador (Alcal&#xE1; de Henares)</subfield>
    <subfield code="9">3506</subfield>
  </datafield>
  <datafield tag="700" ind1="1" ind2=" ">
    <subfield code="a">Arn&#xE1;iz, Mar&#xED;a Jos&#xE9;.</subfield>
    <subfield code="9">23020</subfield>
  </datafield>
  <datafield tag="830" ind1="0" ind2=" ">
    <subfield code="a">Colecci&#xF3;n de gu&#xED;as art&#xED;sticas de la di&#xF3;cesis de Alcal&#xE1; de Henares ;</subfield>
    <subfield code="v">3</subfield>
    <subfield code="9">232054</subfield>
  </datafield>
  <datafield tag="852" ind1=" " ind2=" ">
    <subfield code="a">ES-MaACL</subfield>
    <subfield code="j">E-11002 </subfield>
    <subfield code="b">R.134965</subfield>
  </datafield>
  <datafield tag="999" ind1=" " ind2=" ">
    <subfield code="c">92701</subfield>
    <subfield code="d">92701</subfield>
  </datafield>
  <datafield tag="952" ind1=" " ind2=" ">
    <subfield code="0">0</subfield>
    <subfield code="1">0</subfield>
    <subfield code="4">0</subfield>
    <subfield code="7">0</subfield>
    <subfield code="a">ATENEOM</subfield>
    <subfield code="b">ATENEOM</subfield>
    <subfield code="c">DEPO2</subfield>
    <subfield code="d">2008-01-17</subfield>
    <subfield code="e">SC</subfield>
    <subfield code="l">0</subfield>
    <subfield code="o">E-11002</subfield>
    <subfield code="p">1096775</subfield>
    <subfield code="r">2023-02-23 00:00:00</subfield>
    <subfield code="w">2023-02-23</subfield>
    <subfield code="y">MONOGRAFIA</subfield>
  </datafield>
</record>
